000 00706nam a2200169Ia 4500
008 090711s9999 xx 000 0 und d
082 _b78164
100 _aबोरकर प्रमिला
245 _a"सर्वगुणसंपन्नमाला माणुसकी, सहकार्य"
260 _c1994
300 _a39+32
600 _aबोरकर प्रमिला
630 _a"सर्वगुणसंपन्नमाला माणुसकी, सहकार्य"
700 _aबोरकर प्रमिला
730 _a"सर्वगुणसंपन्नमाला माणुसकी, सहकार्य"
942 _cBOOK
999 _c327388
_d327388